005570000a22001450004500090001700000245014000017041001400157700003100171700003700202700003900239100003800278942001300316773006500329999001700394 aASbSeriadas10aEspecializaciones del integumento dorsal de Centrolenella acathidiocephala Ruíz-Carranza & Lynch, 1989 (Amphibia Anura Centrolenidae)0 aEspañol1 aPérez, Gloria de91003181 aRuíz Carranza, Pedro M.9941871 aHernández Camacho, Jorge91003261 aRamírez, Martha Patricia999185 cARTICULO1 tTrianeakActa Científica y Tecnológicah3q105-128d1989 c16182d16182